000 01309cam a22003737a 4500
003 CHAP
005 20220817043741.0
008 010126d1997 it a rn 00110 eng d
010 _a83363
011 _a84335
020 _a9252038264
035 _a94855
040 _cCHAP
082 0 4 _a639.21822
_bF37f v.66
110 _aFAO. General Fisheries Council for the Mediterranean
_939568
245 1 0 _aQuestions concernant les ressources et l'environnement dans la gestion des pecheries mediterranéennes
_c/par Conseil General des Peches pour la Méditerranée
260 _aRome :
_bFAO,
_c1997.
300 _a144 p. :
_bilus. ; gráfs.
410 _aFAO
490 0 _aGFCM report
_v; 66
590 _aBATCH-UPD
_b10
_c20130110
_lUCH01
_h0238
590 _aBATCH-UPD
_b10
_c20130110
_lUCH01
_h1011
590 _aBATCH-UPD
_b10
_c20130409
_lUCH01
_h2304
590 _aBATCH-UPD
_b10
_c20130914
_lUCH01
_h1346
590 _aCONVERSION
_b10
_c20130109
_lUCH01
_h1346
650 1 4 _aPesquería
_zRegión Mediterránea.
_987523
650 1 4 _aRecursos marinos
_xRegión mediterránea.
_995163
810 0 _aFAO
830 0 0 _aGFCM report
_v; 66
_947819
901 _aBK
905 _aPatricia Mendoza P.
942 _cLIBRO
949 _a639.21822 F37f v.66
_bBC
_cFAO
_d33724000814760
_eFAO1
_h98938
_i94855
_kDonaciØn
_sb
999 _c83363
_d83363